| 000 | 01118cam a2200277 a 4500 | ||
|---|---|---|---|
| 001 | 1579045 | ||
| 003 | NUST-PNEC | ||
| 005 | 20170116180710.0 | ||
| 008 | 930514s1994 nyua bf 000 0 eng | ||
| 010 | _a 93022824 | ||
| 020 | _a0070679584 | ||
| 040 | _cPNEC | ||
| 050 | 0 | 0 |
_aTJ1185 _b.W35 1994 |
| 082 | 0 | 0 |
_a671.3'50202 WAL _220 |
| 100 | 1 | _aWalsh, Ronald A. | |
| 245 | 1 | 0 |
_aMcGraw-Hill machining and metalworking handbook / _cRonald A. Walsh. |
| 260 |
_aNew York : _bMcGraw-Hill, _cc1994. |
||
| 300 |
_axvii, 1518 p. : _bill. ; _c21 cm. |
||
| 500 | _aIncludes Index http://www.amazon.com/McGraw-Hill-Machining-Metalworking-Handbook-Ronald/dp/0070679584/ref=sr_1_1?s=books&ie=UTF8&qid=1412320629&sr=1-1&keywords=0070679584 | ||
| 504 | _aIncludes bibliographical references (p. 1487-1488). | ||
| 650 | 0 |
_aMachining _xME |
|
| 650 | 0 |
_aMetal-work _xHandbooks, manuals, etc. |
|
| 906 |
_a7 _bcbc _corignew _d1 _eocip _f19 _gy-gencatlg |
||
| 942 |
_2ddc _cBK |
||
| 999 |
_c60938 _d60938 |
||